Library of the University of Algiers 3
Ibrahim Sultan Cheibout
شعار جامعة الجزائر 3
مكتبة جامعة الجزائر 3
إبراهيم سلطان شيبوط

دور الدولة في ضبط النشاط الإقتصادي : (رقم التسجيلة. 44194)

تفاصيل مارك
000 -LEADER
fixed length control field 01024nam a2200241Ia 4500
003 - CONTROL NUMBER IDENTIFIER
control field Ost
005 - DATE AND TIME OF LATEST TRANSACTION
control field 20260507075354.0
008 - FIXED-LENGTH DATA ELEMENTS--GENERAL INFORMATION
fixed length control field 260507s9999||||xx |||||||||||||| ||und||
020 ## - INTERNATIONAL STANDARD BOOK NUMBER
International Standard Book Number 982634197797
040 ## - CATALOGING SOURCE
Transcribing agency fsecg
041 ## - LANGUAGE CODE
Language code of text/sound track or separate title ara
082 ## - DEWEY DECIMAL CLASSIFICATION NUMBER
Classification number 330
100 ## - MAIN ENTRY--PERSONAL NAME
Personal name خبابة، ادريس
Relator term مؤلف
245 #0 - TITLE STATEMENT
Title دور الدولة في ضبط النشاط الإقتصادي :
Remainder of title الآليات- التخطيط- التنظيم /
Statement of responsibility, etc. ادريس خبابة
260 ## - PUBLICATION, DISTRIBUTION, ETC.
Place of publication, distribution, etc. القاهرة:
Name of publisher, distributor, etc. دار التعليم الجامعي,
Date of publication, distribution, etc. 2014
300 ## - PHYSICAL DESCRIPTION
Extent 290 صفحة؛
Other physical details إيضاحات ؛
Dimensions 24 سم
504 ## - BIBLIOGRAPHY, ETC. NOTE
Bibliography, etc. note المراجع ص.277
520 ## - SUMMARY, ETC.
Summary, etc. المرفق العام الإقتصادي والعقد الإداري كأسلوب لتدخل دولة في النشاط الإقتصادي- التخطيط والمساعدة العمومية وضبط النشاط الإقتصادي
653 ## - INDEX TERM--UNCONTROLLED
Uncontrolled term الإقتصاد العام
653 ## - INDEX TERM--UNCONTROLLED
Uncontrolled term الدولة
653 ## - INDEX TERM--UNCONTROLLED
Uncontrolled term النشاط الإقتصادي
942 ## - ADDED ENTRY ELEMENTS (KOHA)
Koha item type كتب
المقتنيات
Withdrawn status Lost status Source of classification or shelving scheme Damaged status Not for loan Home library Current library Date acquired Serial enumeration / chronology Inventory number Total checkouts Full call number Barcode Date last seen Price effective from Koha item type
    Dewey Decimal Classification   NOT LOAN / إعارة داخلية مكتبة كلية العلوم الإقتصادية والعلوم التجارية وعلوم التسيير مكتبة كلية العلوم الإقتصادية والعلوم التجارية وعلوم التسيير 07/05/2026 الطابق الأرضي 25238   أ/4252ن1 25238 07/05/2026 07/05/2026 كتب
    Dewey Decimal Classification   Available مكتبة كلية العلوم الإقتصادية والعلوم التجارية وعلوم التسيير مكتبة كلية العلوم الإقتصادية والعلوم التجارية وعلوم التسيير 07/05/2026 الطابق الأرضي 25239   أ/4252ن2 25239 07/05/2026 07/05/2026 كتب
    Dewey Decimal Classification   Available مكتبة كلية العلوم الإقتصادية والعلوم التجارية وعلوم التسيير مكتبة كلية العلوم الإقتصادية والعلوم التجارية وعلوم التسيير 07/05/2026 الطابق الثاني 25240   أ/4252ن3 25240 07/05/2026 07/05/2026 كتب

موارد الويب المفتوحة


© University of Algiers 3 All Rights Reserved
|
Implemented by LECHELAH Riad